Top 10 des métiers les mieux payés - Statistiques

Statistiques générales
  • Ce quiz a été pris 312 fois
  • Le résultat moyen est 4 sur 10
Statistiques - réponses
Salaire net / mois Métier % Correct
~ 13 000 € Médecin
85%
~ 14 000 € Avocat
75%
~ 16 000 € Chirurgien
66%
~ 12 000 € Dentiste
43%
~ 9 000 € Architecte
30%
~ 100 000 € PDG
26%
~ 10 000 € Notaire
25%
~ 15 000 € Pilote de ligne
15%
~ 11 000 € Vétérinaire
13%
~ 8 000 € informaticien
12%
Aucun quiz correspondant
Distribution des résultats
% des personnes avec chaque résultat
Percentile par nombre de réponses
Votre historique - résultats
Vous n’avez pas pris ce quiz